000 00556nam a2200193Ia 4500
001 45850
008 140428s9999 xx 000 0 und d
020 _a9780070263611
040 _cPK-LaUMT
082 _a 657.046
_bHAN-A
100 _aHanif, Muhammad
245 _aAdvanced accounting for CA professional competence examination
_cHanif, Muhammad<>Mukherjee, Amitabha
260 _aNew Delhi,India:
_bTata McGraw-Hill Publishing,
_c2008
501 _a2 vols.
546 _aEN
650 _aAccounting
700 _aMukherjee, Amitabha
942 _cBK
999 _c43807
_d43807